| 000 | 00694nam a22002537a 4500 | ||
|---|---|---|---|
| 001 | 0074 | ||
| 003 | DO-SdBNP | ||
| 005 | 20180125125923.0 | ||
| 007 | 0074 | ||
| 008 | 151001b pr 2011 xxu||||| |||| 00| 0 spa d | ||
| 020 | _a9786124103124 | ||
| 040 |
_aBPMSU _bspa _cBPMSU |
||
| 092 |
_axxxxx _bxxxxx |
||
| 100 | 1 | 0 |
_aTolstoi, León, _d1828-1910 |
| 245 | 1 | 3 |
_aLa guerra y la paz / _cLeón Tolstoi ; Gerson Jara Morales ilustración |
| 260 |
_aLima, Perú _bil., _c2011 |
||
| 300 |
_a103 p. : _bil., _c19 cm. |
||
| 490 | 1 | 4 | _aPlan lector |
| 700 | 1 | 0 |
_aJara Morales, Gerson, _eil. |
| 830 | _aPlan lector | ||
| 942 |
_2ddc _cBK |
||
| 945 | _ainventariado, 2018 / dg | ||
| 956 | _aBrenda Tavárez | ||
| 999 |
_c8320 _d8320 |
||